000 00217nam a2200097Ia 4500
008 240331s9999 xx 000 0 und d
082 _bGOM
100 _aGomez,M
245 0 _aGender and politics in Sri Lanka
942 _cL
999 _c4538
_d4538